000
00319nam a22001337a 4500
020
_a
0907432255
080
_a
347.44= 20 Sh 64
245
_a
Shipbuilding Contracts
260
_a
Londres
_b
Malcolm A. Clarke, M: A
_c
1982
300
_a
228 P.
650
_x
contratos
_x
garantias
945
_a
cd
_d
2016-08-09
999
_c
4367
_d
234871
942
_6
_